Desarrollar actividades para el mejoramiento de la ubicación espacial en los niños/as de 4to grado de la escuela primaria Padre García distrito educativo 10-02 año escolar 2018-2019 / (Record no. 12602)
[ view plain ]
| 000 -LEADER | |
|---|---|
| campo de control de longitud fija | 01148nam a2200241 4500 |
| 003 - IDENTIFICADOR DE NÚMERO DE CONTROL | |
| campo de control | DO-SdUA |
| 005 - FECHA Y HORA DE LA ÚLTIMA TRANSACCIÓN | |
| campo de control | 20250325142838.0 |
| 008 - DATOS DE LONGITUD FIJA--INFORMACIÓN GENERAL | |
| campo de control de longitud fija | s2020 dr a|| |||| 0 |a||0|spa d |
| 040 ## - FUENTE DE CATALOGACIÓN | |
| Centro catalogador/agencia de origen | DO-SdUA |
| Lengua de catalogación | spa |
| Centro/agencia transcriptor | DO-SdUA |
| 041 0# - CÓDIGO DE IDIOMA | |
| Código de lengua del texto/banda sonora o título independiente | spa |
| 092 ## - ASIGNACIÓN LOCAL DE SIGNATURA TOPOGRÁFICA DEWEY (OCLC) | |
| Número de clasificación | MA-EFD 0010 FCE 2020 |
| 100 1# - ENTRADA PRINCIPAL--NOMBRE DE PERSONA | |
| Nombre de persona | Fortunato García, Carmen Urania |
| 245 10 - MENCIÓN DEL TÍTULO | |
| Título | Desarrollar actividades para el mejoramiento de la ubicación espacial en los niños/as de 4to grado de la escuela primaria Padre García distrito educativo 10-02 año escolar 2018-2019 / |
| Mención de responsabilidad, etc. | Carmen Urania Fortunato García. |
| 260 ## - PUBLICACIÓN, DISTRIBUCIÓN, ETC. | |
| Lugar de publicación, distribución, etc. | Santo Domingo : |
| Nombre del editor, distribuidor, etc. | UASD, |
| Fecha de publicación, distribución, etc. | 2020. |
| 300 ## - DESCRIPCIÓN FÍSICA | |
| Extensión | 98 h. : |
| Otras características físicas | il. |
| 502 ## - NOTA DE TESIS | |
| Nota de tesis | Tesis y trabajo de grado (Maestría en Educación Física y el Deporte)--Universidad Autónoma de Santo Domingo, Santo Domingo, 2020. |
| 504 ## - NOTA DE BIBLIOGRAFÍA, ETC. | |
| Nota de bibliografía, etc. Nota | Incluye referencias bibliográficas y anexos. |
| 530 ## - NOTA DISPONIBLE DE FORMULARIO FÍSICO ADICIONAL | |
| Nota de formato físico adicional disponible | También disponible en CD-ROM (CD MA-EFD 0010 FCE 2020). |
| 650 #7 - PUNTO DE ACCESO ADICIONAL DE MATERIA--TÉRMINO DE MATERIA | |
| Fuente del encabezamiento o término | lemb |
| 9 (RLIN) | 60425 |
| Término de materia o nombre geográfico como elemento de entrada | Percepción espacial en niños |
| Subdivisión general | Educación |
| 650 #7 - PUNTO DE ACCESO ADICIONAL DE MATERIA--TÉRMINO DE MATERIA | |
| Fuente del encabezamiento o término | lemb |
| 9 (RLIN) | 633 |
| Término de materia o nombre geográfico como elemento de entrada | Actividades estudiantiles |
| Subdivisión general | Casos |
| 830 ## - PUNTO DE ACCESO ADICIONAL DE SERIE-TÍTULO UNIFORME | |
| Título uniforme | Tesis y disertaciones académicas (Universidad Autónoma de Santo Domingo) |
| 942 ## - ELEMENTOS DE ENTRADA SECUNDARIOS (KOHA) | |
| Fuente de la clasificación o esquema de estantería | |
| Tipo de ítem Koha | |
| Suprimir en OPAC | No |
| Estatus retirado | Estado de pérdida | Fuente de la clasificación o esquema de estantería | Estado de daño | No para préstamo | Biblioteca de origen | Biblioteca actual | Fecha de adquisición | Total de préstamos | Visto por última vez | Precio de reemplazo | Tipo de ítem Koha |
|---|---|---|---|---|---|---|---|---|---|---|---|
| Clasificación Decimal Dewey | Repositorio INERED | Repositorio INERED | 25/03/2025 | 25/03/2025 | 25/03/2025 | Tesis digital |